000
00338nam a2200145Ia 4500
005
20251222144851.0
008
251222s9999||||xx |||||||||||||| ||spa||
020
_a
987-591-019-8
082
_a
001.42/Y94
100
_a
Yuni, José Alberto
245
0
_a
Técnicas para Investigar
250
_a
2a.ed.
264
_b
Brujas
942
_c
LIB
999
_c
21621
_d
21621